书目信息 |
| 题名: |
快速计算法
|
|
| 作者: | 史丰收 编著 | |
| 分册: | ||
| 出版信息: | 合肥 安徽科学技术出版社 1979 |
|
| 页数: | 60页 | |
| 开本: | 19cm | |
| 丛书名: | ||
| 单 册: | ||
| 中图分类: | O121.4 | |
| 科图分类: | ||
| 主题词: | 速算 | |
| 电子资源: | ||
| ISBN: | ||
| 000 | 00542nam0 2200217 45 | |
| 001 | 0179002704 | |
| 005 | 20070924144723.18 | |
| 010 | @dCNY0.17 | |
| 091 | @a13200.2 | |
| 100 | @a19950725d1979 cemy0chiy0121 ea | |
| 101 | 0 | @achi |
| 102 | @aCN@b340000 | |
| 105 | @ay z 000yy | |
| 200 | 10 | @a快速计算法@Akuai su ji suan fa@f史丰收编著 |
| 210 | @a合肥@c安徽科学技术出版社@d1979 | |
| 215 | @a60页@d19cm | |
| 606 | @a速算 | |
| 690 | @aO121.4@v3 | |
| 701 | 0 | @a史丰收@Ashi feng shou@4编著 |
| 801 | 0 | @aCN@bNLC@c20070924 |
| 905 | @dO121.4@e91 | |
| 快速计算法/史丰收编著.-合肥:安徽科学技术出版社,1979 |
| 60页;19cm |
| ISBN :CNY0.17 |
| ● |
| 相关链接 |
|
|
|
|
正题名:快速计算法
索取号:O121.4/91
 
预约/预借
| 序号 | 登录号 | 条形码 | 馆藏地/架位号 | 状态 | 备注 |
| 1 | 0016692 | 001245085 | 第三借阅区/ [索取号:O121.4/91] | 在馆 | |
| 2 | 0016693 | 001245110 | 第三借阅区/ [索取号:O121.4/91] | 在馆 | |
| 3 | 0016694 | 001245101 | 第三借阅区/ [索取号:O121.4/91] | 在馆 | |
| 4 | 0431922 | 204319228 | 密集书库/ [索取号:O121.4/91] | 在馆 | |
| 5 | 0431923 | 204319237 | 密集书库/ [索取号:O121.4/91] | 在馆 | |
| 6 | 0442498 | 204424989 | 密集书库/ [索取号:O121.4/91] | 在馆 | |
| 7 | 0624760 | 206247603 | 密集书库/ [索取号:O121.4/91] | 在馆 |